| 000 | 01029nmm a2200301 a 4500 | ||
|---|---|---|---|
| 001 | ocm0002146531 | ||
| 003 | TR-IsHL | ||
| 005 | 20201028183157.0 | ||
| 008 | 190314s2018 tu tur | ||
| 007 | cr cn | ||
| 020 | _a9786059148955 | ||
| 035 |
_a2146531 _b(N$T) |
||
| 050 | 0 | 4 |
_aPL240 _b.Y39 2018 |
| 090 | 0 | 4 |
_aPL240 _b.Y39 2018 |
| 100 | 1 | _aYavuz, Yasin | |
| 245 | 1 | 0 |
_aReşit Hanadan ve romancılığı: Oluşumsal yapısalcı eleştiri bağlamında _h[electronic resource] / _cYasin Yavuz |
| 250 | _a1. Baskı | ||
| 260 |
_aAnkara : _bBengü Yayınları, _c2018 |
||
| 300 | _a276 p. | ||
| 500 | _aKaynakça: sayfa 255 | ||
| 650 | 4 | _aDil ve Edebiyat | |
| 650 | 4 | _aLanguage and Literature | |
| 650 | 0 |
_aTürk edebiyatı _x Eleştiri ve yorum |
|
| 650 | 0 |
_aTurkish literature _x Criticism and interpretation |
|
| 650 | 0 | _aHanadan, Reşit | |
| 650 | 7 |
_aLITERARY CRITICISM / Middle Eastern _2bisacsh |
|
| 856 | 4 | 0 | _uhttp://search.ebscohost.com/login.aspx?direct=true&scope=site&db=e011xww&AN=2146531 |
| 999 |
_c20414 _d20414 |
||